Vzájomné súvislosti znalostnej ekonomiky a stratégie fungovania trhu SR

Nová ekonomika a zmena charakteru trhového prostredia. Trh práce v novej ekonomike. Nová ekonomika a Lisabonská stratégia. Aktuálne problémy trhu práce v kontexte znalostnej ekonomiky.

Salvato in:
Dettagli Bibliografici
Autore principale: Martincová, Marta, 1955-
Natura: Capitolo di libro
Lingua:slovacco
Soggetti:
Tags: Aggiungi Tag
Nessun Tag, puoi essere il primo ad aggiungerne!!

MARC

LEADER 00000nla$a2200000$$$4500
001 0053534
005 20240502071623.9
041 0 |a slo 
044 |a SK 
245 1 0 |a Vzájomné súvislosti znalostnej ekonomiky a stratégie fungovania trhu SR  |c Marta Martincová 
520 |a Nová ekonomika a zmena charakteru trhového prostredia. Trh práce v novej ekonomike. Nová ekonomika a Lisabonská stratégia. Aktuálne problémy trhu práce v kontexte znalostnej ekonomiky. 
610 2 0 |a ekonomika vedomostná 
610 2 0 |a Slovensko 
610 2 0 |a trh práce 
610 2 0 |a pohyb síl pracovných medzinárodný 
610 2 0 |a prostredie podnikateľské 
610 2 0 |a Európsky ekonomický priestor 
610 2 0 |a USA 
610 2 0 |a únik mozgov 
100 1 |a Martincová, Marta, 1955-